|
|
|
|
| LEADER |
01105cam a2200289 7i4500 |
| 001 |
0000059653 |
| 005 |
20210824090000.0 |
| 020 |
|
|
|a 9781466514256 (electronic book)
|
| 090 |
0 |
0 |
|a TS156
|b .S88 2013
|
| 245 |
0 |
0 |
|a Sustainability :
|b utilizing lean six sigma techniques
|c edited by Tina Agustiady, Adedeji B. Badiru.
|
| 264 |
|
|
|a Boca Raton, FL:
|b CRC Press,
|c 2013.
|
| 300 |
|
|
|a 1 online resource (224 pages):
|b illustrations, text file, PDF.
|
| 336 |
|
|
|a text
|2 rdacontent
|
| 337 |
|
|
|a computer
|2 rdamedia
|
| 338 |
|
|
|a online resource
|2 rdacarrier
|
| 490 |
0 |
|
|a Industrial innovation series
|
| 650 |
|
0 |
|a Production management
|
| 650 |
|
0 |
|a Six sigma (Quality control standard)
|
| 650 |
|
0 |
|a Industrial efficiency
|
| 650 |
|
0 |
|a Lean manufacturing
|
| 655 |
|
0 |
|a Electronic books
|
| 700 |
1 |
|
|a Agustiady, Tina
|
| 700 |
1 |
|
|a Badiru, Adedeji B.
|
| 856 |
4 |
2 |
|u http://library.unisel.edu.my/web/guest/mylibrary
|
| 997 |
|
|
|a Engineering & Life Sciences, Faculty
|b Science & Biotechnology, Department
|
| 998 |
|
|
|a Industrial Technology, Diploma
|
| 999 |
|
|
|a EBO0007152
|b EBOOK
|c EBOOK
|e Electronic resources
|